000 02143pam a2200397 a 4500
001 4926146
003 BJBSDDR
005 20260511114513.0
007 ta
008 260511s2016 nyu b 001 0 spa
010 _a 95035222
020 _a9780399501487
040 _aDLC
_cDLC
_dDLC
_bspa
041 _aeng
042 _alcac
050 1 4 _bG619l 2016
082 0 0 _a823/.914
_220
100 1 _aGolding, William,
_d1911-1993
_936327
245 1 0 _aLord of the flies :
_ba novel /
_cWilliam Golding ; Lois Lowry.
246 3 0 _aLord of the flies
260 _aPenguin Books :
_bAlianza Editorial,
_c2016.
300 _a219 pages ;
_c24 cm.
504 _atraducción de Carmen Vergara.
520 _aThe classic tale of a group of English school boys who are left stranded on an unpopulated island, and who must confront not only the defects of their society but the defects of their own nature. Lord of the Flies remains as provocative today as when it was first published in 1954, igniting passionate debate with its startling, brutal portrait of human nature. Though critically acclaimed, it was largely ignored upon its initial publication. Yet soon it became a cult favorite among both students and literary critics who compared it to J.D. Salinger's The Catcher in the Rye in its influence on modern thought and literature. Labeled a parable, an allegory, a myth, a morality tale, a parody, a political treatise, even a vision of the apocalypse, Lord of the Flies has established itself as a true classic.
650 0 _aAirplane crash survival in literature.
650 0 _aIslands in literature.
650 0 _aBoys in literature.
650 0 _aNovela inglesa
_91933
_xHistoria y crítica
650 1 _aAmerican literature
_xHistory and criticism.
650 4 _aLiteratura americana
_xHistoria y crítica
_9367
700 1 _aLowry, Lois,
_d1937-
_948371
906 _a7
_bcbc
_corignew
_d1
_eocip
_f19
_gy-gencatlg
942 _2lcc
_n0
_cBK
946 _irmza
999 _c127040
_d127040